<?xml version="1.0" encoding="UTF-8"?>
<record
    xmlns:xsi="http://www.w3.org/2001/XMLSchema-instance"
    xsi:schemaLocation="http://www.loc.gov/MARC21/slim http://www.loc.gov/standards/marcxml/schema/MARC21slim.xsd"
    xmlns="http://www.loc.gov/MARC21/slim">

  <leader>01014nam a2200145   4500</leader>
  <controlfield tag="008">708 183r</controlfield>
  <datafield tag="020" ind1=" " ind2=" ">
    <subfield code="a">9786079358389</subfield>
  </datafield>
  <datafield tag="082" ind1=" " ind2=" ">
    <subfield code="a">708</subfield>
    <subfield code="b">M183r</subfield>
  </datafield>
  <datafield tag="100" ind1=" " ind2=" ">
    <subfield code="a">Madrigal, Miguel Angel</subfield>
    <subfield code="9">6955</subfield>
  </datafield>
  <datafield tag="245" ind1=" " ind2=" ">
    <subfield code="a">El recuerdo de lo no transitado </subfield>
  </datafield>
  <datafield tag="260" ind1=" " ind2=" ">
    <subfield code="a">M&#xE9;xico</subfield>
    <subfield code="b">Gobierno del Estado de Morelos</subfield>
    <subfield code="b">Secretar&#xED;a de Cultura de Morelos </subfield>
    <subfield code="c">2017</subfield>
  </datafield>
  <datafield tag="300" ind1=" " ind2=" ">
    <subfield code="a">160 p. </subfield>
    <subfield code="b">ill</subfield>
    <subfield code="c">23,5 x 17 cm</subfield>
  </datafield>
  <datafield tag="505" ind1=" " ind2=" ">
    <subfield code="t">Presentaci&#xF3;n</subfield>
    <subfield code="t">el espacio como incognita o posibilidad </subfield>
    <subfield code="r">Sol Henaro</subfield>
    <subfield code="t">las columnas de invenci&#xF3;n</subfield>
    <subfield code="r">Carlos Palacios </subfield>
    <subfield code="t">el recuerdo de lo no transitado/ remembrance of the untraveled </subfield>
    <subfield code="t">siluetas / silhouettes </subfield>
    <subfield code="t">ciudad visible / visible city</subfield>
    <subfield code="t">me quiero ir en cuanto llego / i want to go as soon as i get</subfield>
    <subfield code="t">miguel angel madrigal </subfield>
    <subfield code="t">lista de obras / lis of works</subfield>
    <subfield code="t">foreword </subfield>
    <subfield code="t">space as the unknow or as possibility </subfield>
    <subfield code="r">Sol Henaro </subfield>
    <subfield code="t">columns of invention </subfield>
    <subfield code="r">Carlos Palacios </subfield>
    <subfield code="t">cr&#xE9;ditos y agradecimientos / credits and aknowledgments </subfield>
  </datafield>
  <datafield tag="650" ind1=" " ind2=" ">
    <subfield code="x">arte contempor&#xE1;neo </subfield>
    <subfield code="x">arte - escultura </subfield>
    <subfield code="x">arte - arquitectura </subfield>
    <subfield code="x">arte - exhibiciones </subfield>
    <subfield code="x">M&#xE9;xico </subfield>
    <subfield code="9">6956</subfield>
  </datafield>
  <datafield tag="999" ind1=" " ind2=" ">
    <subfield code="c">1747</subfield>
    <subfield code="d">1747</subfield>
  </datafield>
  <datafield tag="952" ind1=" " ind2=" ">
    <subfield code="0">0</subfield>
    <subfield code="1">0</subfield>
    <subfield code="2">ddc</subfield>
    <subfield code="4">0</subfield>
    <subfield code="7">0</subfield>
    <subfield code="a">LV</subfield>
    <subfield code="b">LV</subfield>
    <subfield code="c">Monograf&#xED;as</subfield>
    <subfield code="d">2019-03-14</subfield>
    <subfield code="l">0</subfield>
    <subfield code="o">708 M183r</subfield>
    <subfield code="p">004751</subfield>
    <subfield code="r">2019-03-14 00:00:00</subfield>
    <subfield code="w">2019-03-14</subfield>
    <subfield code="y">01</subfield>
  </datafield>
</record>
